[Event "CZE-chT U12"]
[Site "Jihlava"]
[Date "2022.06.11"]
[Round "7.6"]
[White "Moravec, Rene"]
[Black "Sehnoutka, Vit"]
[Result "0-1"]
[WhiteElo "1119"]
[BlackElo "1021"]
[PlyCount "100"]
[EventDate "2022.06.10"]
[EventType "team-swiss"]
[EventRounds "9"]
[EventCountry "CZE"]
[SourceTitle "CBM 209 Extra"]
[Source "ChessBase"]
[SourceDate "2022.09.30"]
[SourceVersion "1"]
[SourceVersionDate "2022.09.30"]
[SourceQuality "1"]
[WhiteTeam "Stare Mesto U12"]
[BlackTeam "Ricany U12"]
[WhiteTeamCountry "CZE"]
[BlackTeamCountry "CZE"]

1. e4 c5 2. Nf3 Nc6 3. Bc4 g6 4. Nc3 Bg7 5. d3 e6 6. Bd2 Nge7 7. Qe2 0-0 8. 0-0-0 d5 9. exd5 exd5 10. Bb3 Na5 11. Kb1 Nxb3 12. cxb3 Re8 13. Be3 Nf5 14. Na4 Nxe3 15. fxe3 b6 16. Qf2 Bd7 17. Nc3 Bc6 18. Rc1 Rc8 19. h4 h5 20. Ng5 Rf8 21. Rcg1 d4 22. exd4 Bxd4 23. Qf4 Bxg1 24. Rxg1 Qxd3+ 25. Ka1 b5 26. Nce4 Bxe4 27. Nxe4 Rfd8 28. Nc3 b4 29. Nb1 Qd4 30. Qxd4 Rxd4 31. Re1 Rxh4 32. Nd2 Rd8 33. Ne4 Kf8 34. Nxc5 Rhd4 35. Kb1 Rd1+ 36. Rxd1 Rxd1+ 37. Kc2 Rg1 38. Na4 Rxg2+ 39. Kd3 h4 40. Kc4 h3 41. Kxb4 h2 42. Ka3 h1Q 43. Nc3 Qg1 44. Na4 Qd4 45. b4 Rg4 46. Kb3 Qxb4+ 47. Kc2 Qxa4+ 48. Kd2 Rg3 49. Ke2 Qc2+ 50. Kf1 Rd3 0-1